[Event "Ludwigshafen-ch 21st"]
[Site "Ludwigshafen"]
[Date "2007.08.30"]
[Round "3"]
[White "Gloeckler, Joachim"]
[Black "Grohmueller, Robert"]
[Result "0-1"]
[WhiteElo "979"]
[BlackElo "1352"]
[PlyCount "66"]
[EventDate "2007.08.25"]
[EventType "swiss"]
[EventRounds "7"]
[EventCountry "GER"]
[SourceTitle "EXT 2008"]
[Source "ChessBase"]
[SourceDate "2007.11.25"]
[SourceVersion "1"]
[SourceVersionDate "2007.11.25"]
[SourceQuality "1"]

1. e4 c5 2. d4 cxd4 3. Qxd4 Nc6 4. Qa4 Nf6 5. Bd3 e6 6. Nf3 Be7 7. 0-0 0-0 8. e5 Nd5 9. c4 Ndb4 10. Qd1 Nxd3 11. Qxd3 d6 12. exd6 Bxd6 13. g3 Qc7 14. Ng5 f5 15. b3 b6 16. Bb2 Qe7 17. Nd2 Nb4 18. Qd4 h6 19. Rad1 Bc5 20. Qc3 Qxg5 21. Nf3 Qg4 22. Kg2 Bb7 23. Rd7 Rf7 24. Rxf7 Kxf7 25. Rd1 Bc6 26. a3 Nc2 27. Rd7+ Be7 28. Rd1 Bf6 29. Qxc2 Qxf3+ 30. Kf1 Qh1+ 31. Ke2 Bf3+ 32. Kd2 Rd8+ 33. Kc1 Rxd1+ 0-1

[Event "Ludwigshafen-ch 21st"]
[Site "Ludwigshafen"]
[Date "2007.08.25"]
[Round "1"]
[White "Giantsios, Georgios"]
[Black "Gloeckler, Joachim"]
[Result "1-0"]
[WhiteElo "1789"]
[BlackElo "979"]
[PlyCount "83"]
[EventDate "2007.08.25"]
[EventType "swiss"]
[EventRounds "7"]
[EventCountry "GER"]
[SourceTitle "EXT 2008"]
[Source "ChessBase"]
[SourceDate "2007.11.25"]
[SourceVersion "1"]
[SourceVersionDate "2007.11.25"]
[SourceQuality "1"]

1. e4 e5 2. Nf3 Nc6 3. Bc4 d6 4. d3 Nf6 5. Nc3 Be6 6. Bb3 a6 7. Bg5 Be7 8. Bxf6 Bxf6 9. Bxe6 fxe6 10. Qd2 h6 11. Ne2 g5 12. h3 Qe7 13. 0-0-0 0-0-0 14. Kb1 d5 15. exd5 Rxd5 16. Nc3 Rd7 17. Ne4 Bg7 18. Rhe1 Rhd8 19. Qe3 b6 20. Ned2 Qc5 21. Qxc5 bxc5 22. Re4 Nb4 23. Nxe5 Bxe5 24. Rxe5 Nxd3 25. cxd3 Rxd3 26. Kc2 c4 27. Rxe6 a5 28. Ree1 a4 29. Nxc4 Rxd1 30. Rxd1 Re8 31. Rd2 Re4 32. Kc3 Re1 33. Kb4 Rc1 34. Ne3 c5+ 35. Kxa4 c4 36. Kb4 c3 37. bxc3 Kc7 38. Kb5 Kb7 39. c4 Rb1+ 40. Kc5 Kc7 41. Nd5+ Kd7 42. Nc3+ 1-0